[Event "Lisbon Check Mate op 3rd"]
[Site "Lisbon"]
[Date "2015.08.09"]
[Round "3"]
[White "Adao, David Jaime Changan"]
[Black "Morais, Vitor Mestre"]
[Result "0-1"]
[WhiteElo "1788"]
[BlackElo "2017"]
[PlyCount "74"]
[EventDate "2015.08.08"]
[EventType "swiss"]
[EventRounds "7"]
[EventCountry "POR"]
[SourceTitle "EXT 2017"]
[Source "ChessBase"]
[SourceDate "2016.10.25"]
[SourceVersion "1"]
[SourceVersionDate "2016.10.25"]
[SourceQuality "1"]

1. d4 Nf6 2. Nf3 g6 3. g3 Bg7 4. Bg2 0-0 5. c4 d6 6. Nc3 Nbd7 7. 0-0 e5 8. Bg5 h6 9. dxe5 dxe5 10. Bxf6 Bxf6 11. Qc1 Bg7 12. Rd1 c6 13. Ne4 Qe7 14. c5 f5 15. Nd6 e4 16. Nh4 Kh7 17. Rb1 Ne5 18. Bh1 Be6 19. Ng2 Bxa2 20. Ra1 Bb3 21. Re1 a6 22. Qe3 Bg8 23. h3 Rad8 24. Rac1 Nf7 25. Nc4 Ng5 26. h4 Bd4 27. Qb3 Nh3+ 28. Kh2 Nxf2 29. Nf4 Bxc5 30. Qc2 Ng4+ 31. Kh3 Bf2 32. h5 gxh5 33. Red1 Rxd1 34. Qxd1 Bxc4 35. Qc2 Ne3 36. Qd2 Qg7 37. Nxh5 Qg4+ 0-1